Foure treatises : tending to disswade all Christians from foure no lesse hainous then common sinnes; namely, the abuses of swearing, drunkennesse, whoredome, and bribery. Wherein the greatnesse and odiousnesse of these vices is discouered; and the meanes and remedies, which may either preserue, or weane men from them, are propounded. Whereunto is annexed a treatise of anger. By Iohn Dovvname Batcheler in Diuinity, and preacher of Gods word.

Bibliographic Details
Main Author: Downame, John, d. 1652 (Author)
Format: eBook
Language:English
Published: At London : Imprinted by W. Hall and I[ohn] B[eale] for Michaell Baker, and are to be sold at his shop in Pauls Church-yard, at the signe of the Greyhound, 1613.
Series:Early English books online.
Subjects:
Online Access:Connect to the full text of this electronic book

MARC

Tag First Indicator Second Indicator Subfields
LEADER 00000nam a2200000 4500
001 in00004174708
005 20200807083354.0
006 m g d
007 cr bn |||a|bb|
008 921130s1613 enk o 00| | eng d
035 |a (UnM)99857179 
037 |a CL0036000040  |b ProQuest. 789 E. Eisenhower Parkway, Ann Arbor, MI 48108-3218 
040 |a Cu-RivES  |c Cu-RivES  |d CStRLIN  |e dcrb  |d WaOLN 
100 1 |a Downame, John,  |d d. 1652. 
245 0 0 |a Foure treatises :  |b tending to disswade all Christians from foure no lesse hainous then common sinnes; namely, the abuses of swearing, drunkennesse, whoredome, and bribery. Wherein the greatnesse and odiousnesse of these vices is discouered; and the meanes and remedies, which may either preserue, or weane men from them, are propounded. Whereunto is annexed a treatise of anger. By Iohn Dovvname Batcheler in Diuinity, and preacher of Gods word. 
246 2 |a Treatise of anger. 
260 |a At London :  |b Imprinted by W. Hall and I[ohn] B[eale] for Michaell Baker, and are to be sold at his shop in Pauls Church-yard, at the signe of the Greyhound,  |c 1613. 
300 |a 1 online resource ([12], 235, [1]; [6], 82 pages) 
336 |a text  |b txt  |2 rdacontent 
337 |a computer  |b c  |2 rdamedia 
338 |a online resource  |b cr  |2 rdacarrier 
500 |a Beale's name from STC. 
500 |a The first leaf is blank. 
500 |a "A treatise of anger", originally published in 1600 as "Spiritual physicke to cure to diseases of the soule, arising from superfluitie of choller, prescribed out of Gods word", has separate dated title page, pagination, and register. 
500 |a Reproduction of the original in the Henry E. Huntington Library and Art Gallery. 
510 4 |a STC (2nd edition)  |c 7142. 
533 |a Electronic reproduction.  |b Ann Arbor, Mich. :  |c UMI,  |d 1999-  |f (Early English books online)  |n Digital version of: (Early English books, 1475-1640 ; 1448:2)  |7 s1999 miun s 
650 0 |a Swearing  |v Early works to 1800. 
650 0 |a Alcoholism  |v Early works to 1800. 
650 0 |a Prostitution  |x Religious aspects  |v Early works to 1800. 
650 0 |a Bribery  |v Early works to 1800. 
650 0 |a Anger  |x Religious aspects  |v Early works to 1800. 
700 1 |a Downame, John,  |d d. 1652.  |t Spiritual physicke to cure the diseases of the soule, arising from superfluitie of choller, prescribed out of Gods word.  |4 aut 
730 0 |a Spiritual physicke to cure the diseases of the soule, arising from superfluitie of choller, prescribed out of Gods word. 
830 0 |a Early English books online. 
856 4 0 |u http://proxy.library.tamu.edu/login?url=https://search.proquest.com/docview/2240866628  |z Connect to the full text of this electronic book  |t 0 
999 f f |s a22a8861-7fc4-341b-a887-6706a54503dc  |i 9cd15244-6aed-325d-9fe3-2d3dfdc0c031  |t 0 
952 f f |a Texas A&M University  |b College Station  |c Electronic Resources  |d Available Online  |t 0  |h No information provided 
998 f f |t 0  |l Available Online